000 00796nam a2200241 a 4500
008
020 _a9780797485716 (pbk.)
049 _aMAIN
090 _aKF2120
_bMUC
100 1 _aMucheche, Caleb.
245 1 0 _aEnergy, electricity, oil, gas law in Zimbabwe/
_cCaleb Mucheche.
260 _aHarare, Zimbabwe :
_bZimlaw Trust,
_c2018.
300 _avii, 83 p. ;
_c25 cm.
504 _aIncludes bibliographical references.
650 _aPower resources
_xLaw and legislation
_zZimbabwe.
650 _aEnergy industries
_xLaw and legislation
_zZimbabwe.
650 _aEnergy policy
_xLaw and legislation
_zZimbabwe.
907 _a.b10395969
_b04-01-19
_c19-12-18
003
005 20230123141134.0
040 _cNUST
942 _cBOOKS
_kKF2120
_mMUC
999 _c168341
_d168341